Trouble in paradise? The erosion of system support and the centralamericanization of Costa Rica: 1978-1999

Guardado en:
書目詳細資料
主要作者: Seligson, Mitchell A
格式: Texto
出版: San José :
版:0
標簽: 添加標簽
沒有標簽, 成為第一個標記此記錄!

MARC

LEADER 00000 a a2200000 04500
001 18247
003
040
090 |a 142610  
100 |a Seligson, Mitchell A  
245 |a Trouble in paradise? The erosion of system support and the centralamericanization of Costa Rica: 1978-1999  
250 |a 0  
260 |a San José :  
300 |a 21 p.  
300 |b **no definido**   |b fonodiscos  
999 |c 14834  |d 14834